[Event "Split Open 2017"]
[Site "Split CRO"]
[Date "2017.08.23"]
[Round "5.3"]
[White "Dobrowolski, Piotr"]
[Black "Burdalev, Kirill"]
[Result "1-0"]
[WhiteElo "2423"]
[BlackElo "2368"]
[PlyCount "49"]
[EventDate "2017.08.20"]
[EventType "swiss"]
[EventRounds "9"]
[EventCountry "CRO"]
[SourceTitle "Ajedrez en Madrid"]
[Source "lmi"]
[SourceDate "2017.08.20"]
[SourceVersion "1"]
[SourceVersionDate "2018.03.10"]
[SourceQuality "1"]

1. e4 e5 2. Nf3 Nc6 3. Bb5 Nge7 4. Nc3 Ng6 5. h4 h6 6. h5 Nf4 7. d4 exd4 8.
Nxd4 Nxg2+ 9. Kf1 Nh4 10. Nd5 Bd6 11. Be3 O-O 12. Qg4 f5 13. Qxh4 Qxh4 14. Rxh4
f4 15. Bxc6 fxe3 16. Ba4 Rxf2+ 17. Kg1 Bc5 18. Nxe3 Rd2 19. c3 Rxb2 20. Bb3+
Kh7 21. Nc4 Re2 22. Kf1 Be7 23. Rh1 Rxe4 24. Bc2 d5 25. Nd2 1-0

[Event "Split Open 2017"]
[Site "Split CRO"]
[Date "2017.08.23"]
[Round "5.5"]
[White "Zelic, Mladen"]
[Black "Lamorelle, Julien"]
[Result "1/2-1/2"]
[WhiteElo "2305"]
[BlackElo "2358"]
[PlyCount "55"]
[EventDate "2017.08.20"]
[EventType "swiss"]
[EventRounds "9"]
[EventCountry "CRO"]
[SourceTitle "Ajedrez en Madrid"]
[Source "lmi"]
[SourceDate "2017.08.20"]
[SourceVersion "1"]
[SourceVersionDate "2018.03.10"]
[SourceQuality "1"]

1. e4 c5 2. d4 cxd4 3. c3 Nf6 4. e5 Nd5 5. Nf3 e6 6. cxd4 d6 7. Bc4 Be7 8. O-O
O-O 9. Qe2 b6 10. Nc3 Nxc3 11. bxc3 Bb7 12. Re1 Nd7 13. Bf4 dxe5 14. Nxe5 Nxe5
15. Bxe5 Rc8 16. Bb3 Bd6 17. Qd3 Qg5 18. f3 Rfd8 19. Rad1 Qg6 20. Qe3 h5 21.
Bxd6 Rxd6 22. Qf4 Rd7 23. c4 Rcd8 24. Re5 h4 25. d5 h3 26. g3 exd5 27. cxd5 Qd6
28. Qe3 1/2-1/2

[Event "Split Open 2017"]
[Site "Split CRO"]
[Date "2017.08.23"]
[Round "5.7"]
[White "Yrjola, Jouni"]
[Black "Bozanic, Ivica"]
[Result "1/2-1/2"]
[WhiteElo "2343"]
[BlackElo "2160"]
[PlyCount "40"]
[EventDate "2017.08.20"]
[EventType "swiss"]
[EventRounds "9"]
[EventCountry "CRO"]
[SourceTitle "Ajedrez en Madrid"]
[Source "lmi"]
[SourceDate "2017.08.20"]
[SourceVersion "1"]
[SourceVersionDate "2018.03.10"]
[SourceQuality "1"]

1. d4 g6 2. e4 Bg7 3. Nf3 c6 4. Bd3 d5 5. e5 Nh6 6. O-O O-O 7. Re1 f6 8. e6 b6
9. h4 Ba6 10. Bxh6 Bxh6 11. h5 Kg7 12. g3 c5 13. Nc3 Bxd3 14. Qxd3 c4 15. Qf1
Nc6 16. Qg2 Qd6 17. Rad1 Rad8 18. a3 a6 19. Nh4 Bg5 20. Nf3 Bh6 1/2-1/2

[Event "Split Open 2017"]
[Site "Split CRO"]
[Date "2017.08.23"]
[Round "5.12"]
[White "Veres, Andrej"]
[Black "Yuksel, Atilla Koksal"]
[Result "1/2-1/2"]
[WhiteElo "2255"]
[BlackElo "2097"]
[PlyCount "29"]
[EventDate "2017.08.20"]
[EventType "swiss"]
[EventRounds "9"]
[EventCountry "CRO"]
[SourceTitle "Ajedrez en Madrid"]
[Source "lmi"]
[SourceDate "2017.08.20"]
[SourceVersion "1"]
[SourceVersionDate "2018.03.10"]
[SourceQuality "1"]

1. d4 e6 2. c4 b6 3. Nf3 Bb7 4. g3 f5 5. Bg2 Nf6 6. O-O g6 7. Nc3 Bg7 8. Qc2
O-O 9. Rd1 Qe7 10. b3 d6 11. Ba3 Nbd7 12. Rac1 Ne4 13. Nxe4 Bxe4 14. Qd2 Rad8
15. Ne1 1/2-1/2

[Event "Split Open 2017"]
[Site "Split CRO"]
[Date "2017.08.23"]
[Round "5.14"]
[White "Marn, Jan"]
[Black "Curic, Drazen"]
[Result "0-1"]
[WhiteElo "2146"]
[BlackElo "2213"]
[PlyCount "68"]
[EventDate "2017.08.20"]
[EventType "swiss"]
[EventRounds "9"]
[EventCountry "CRO"]
[SourceTitle "Ajedrez en Madrid"]
[Source "lmi"]
[SourceDate "2017.08.20"]
[SourceVersion "1"]
[SourceVersionDate "2018.03.10"]
[SourceQuality "1"]

1. d4 g6 2. c4 Bg7 3. e4 d6 4. Nc3 Nd7 5. Be2 e6 6. Nf3 Ne7 7. Be3 b6 8. Qd2 h6
9. O-O-O Bb7 10. Rhe1 Nf6 11. d5 e5 12. h3 Bc8 13. Nh2 g5 14. b4 Ng6 15. c5
bxc5 16. bxc5 O-O 17. c6 Rb8 18. Bxa7 Rb4 19. Qc2 Nf4 20. a3 Nxe2+ 21. Rxe2 Rc4
22. Nf1 Ba6 23. Re3 Qa8 24. Nd2 Rd4 25. Bxd4 exd4 26. Rg3 dxc3 27. Rxc3 Nh5 28.
Rb3 Nf4 29. g3 Ne2+ 30. Kb1 Nd4 31. Qc1 Nxb3 32. Nxb3 Rb8 33. Ka2 Qa7 34. Qc2
Bb5 0-1

[Event "Split Open 2017"]
[Site "Split CRO"]
[Date "2017.08.23"]
[Round "5.22"]
[White "Bozinovic, Bogdan"]
[Black "Greis, Bernhard"]
[Result "1-0"]
[WhiteElo "2210"]
[BlackElo "2026"]
[PlyCount "76"]
[EventDate "2017.08.20"]
[EventType "swiss"]
[EventRounds "9"]
[EventCountry "CRO"]
[SourceTitle "Ajedrez en Madrid"]
[Source "lmi"]
[SourceDate "2017.08.20"]
[SourceVersion "1"]
[SourceVersionDate "2018.03.10"]
[SourceQuality "1"]

1. d4 Nf6 2. c4 g6 3. Nc3 d5 4. Bg5 Ne4 5. Bh4 Nxc3 6. bxc3 dxc4 7. e3 Qd5 8.
Be2 c6 9. Nf3 Bg7 10. O-O Bf5 11. Nd2 b5 12. a4 Bd3 13. Bf3 Qd6 14. axb5 O-O
15. Re1 a6 16. Bg3 e5 17. dxe5 Qc5 18. Nb3 Qxb5 19. Nd4 Qc5 20. e6 fxe6 21.
Nxe6 Qe7 22. Nd4 Be4 23. Be2 Bd5 24. Ra4 Qe4 25. Bf1 Nd7 26. f3 Qe7 27. e4 Bf7
28. Nxc6 Qc5+ 29. Nd4 Nb6 30. Rb4 a5 31. Rb1 Rfd8 32. Bf2 Rab8 33. Qc2 Qc7 34.
Rb5 a4 35. Bg3 Bxd4+ 36. cxd4 Qd7 37. Bxb8 Qxb5 38. Bc7 Qc6 1-0

[Event "Split Open 2017"]
[Site "Split CRO"]
[Date "2017.08.23"]
[Round "5.44"]
[White "Kejzar, Petra"]
[Black "Dlouhy, Milan"]
[Result "1-0"]
[WhiteElo "1977"]
[BlackElo "1660"]
[PlyCount "37"]
[EventDate "2017.08.20"]
[EventType "swiss"]
[EventRounds "9"]
[EventCountry "CRO"]
[SourceTitle "Ajedrez en Madrid"]
[Source "lmi"]
[SourceDate "2017.08.20"]
[SourceVersion "1"]
[SourceVersionDate "2018.03.10"]
[SourceQuality "1"]

1. e4 c5 2. Nf3 d6 3. d4 cxd4 4. Qxd4 Nc6 5. Qe3 Nf6 6. h3 g6 7. Be2 Bg7 8. O-O
O-O 9. Rd1 Qc7 10. c4 Na5 11. Na3 a6 12. Rb1 Be6 13. b3 h6 14. Bb2 Nc6 15. Nc2
Nxe4 16. Bxg7 Kxg7 17. Qxe4 Bf5 18. Qe3 Bxc2 19. Qc3+ 1-0

[Event "Split Open 2017"]
[Site "Split CRO"]
[Date "2017.08.24"]
[Round "6.2"]
[White "Srbis, Jurica"]
[Black "Dobrowolski, Piotr"]
[Result "1-0"]
[WhiteElo "2417"]
[BlackElo "2423"]
[PlyCount "65"]
[EventDate "2017.08.20"]
[EventType "swiss"]
[EventRounds "9"]
[EventCountry "CRO"]
[SourceTitle "Ajedrez en Madrid"]
[Source "lmi"]
[SourceDate "2017.08.20"]
[SourceVersion "1"]
[SourceVersionDate "2018.03.10"]
[SourceQuality "1"]

1. e4 e6 2. d4 d5 3. Nd2 Be7 4. c3 c5 5. e5 Nc6 6. Ndf3 f6 7. Bd3 cxd4 8. cxd4
Nh6 9. Bxh6 gxh6 10. Ne2 fxe5 11. Nxe5 Nxe5 12. dxe5 Bb4+ 13. Nc3 Bxc3+ 14.
bxc3 O-O 15. O-O Qg5 16. Qe2 Bd7 17. Rab1 Bc6 18. Rb4 Kh8 19. Rg4 Qe7 20. Qe3
h5 21. Rg5 Rg8 22. f4 Raf8 23. Rxg8+ Rxg8 24. Qd4 Qh4 25. Rf2 Qg4 26. Bc2 h4
27. f5 exf5 28. Bxf5 Qg5 29. e6+ Qg7 30. Qxh4 Rf8 31. Bxh7 Rxf2 32. Bd3+ Kg8
33. Qxf2 1-0

[Event "Split Open 2017"]
[Site "Split CRO"]
[Date "2017.08.24"]
[Round "6.3"]
[White "Curic, Drazen"]
[Black "Armanda, Ivica"]
[Result "1-0"]
[WhiteElo "2213"]
[BlackElo "2335"]
[PlyCount "83"]
[EventDate "2017.08.20"]
[EventType "swiss"]
[EventRounds "9"]
[EventCountry "CRO"]
[SourceTitle "Ajedrez en Madrid"]
[Source "lmi"]
[SourceDate "2017.08.20"]
[SourceVersion "1"]
[SourceVersionDate "2018.03.10"]
[SourceQuality "1"]

1. Nf3 Nf6 2. e3 g6 3. b4 Bg7 4. Bb2 d6 5. Be2 O-O 6. O-O e5 7. d3 Nc6 8. b5
Ne7 9. c4 Ne8 10. Qc2 f5 11. Nbd2 h6 12. c5 g5 13. Nc4 Ng6 14. cxd6 cxd6 15. d4
e4 16. Nfd2 d5 17. Ne5 Nxe5 18. dxe5 Qe7 19. Qb3 Qe6 20. f3 Bxe5 21. fxe4 Bxb2
22. Qxb2 Nd6 23. exd5 Qxe3+ 24. Rf2 Ne4 25. Nxe4 fxe4 26. Bc4 Bd7 27. d6+ Kh7
28. Qe2 Qd4 29. Rd1 Qxf2+ 30. Qxf2 Rxf2 31. Kxf2 Rc8 32. Bd5 Bxb5 33. Bxb7 Rd8
34. Ke3 Rd7 35. Bxe4+ Kg7 36. Bf5 Rd8 37. d7 Kf6 38. g4 Ke7 39. Ke4 Rb8 40. Ke5
Kd8 41. Rc1 Ba6 42. Rc6 1-0

[Event "Split Open 2017"]
[Site "Split CRO"]
[Date "2017.08.24"]
[Round "6.5"]
[White "Ruff, Maximilian"]
[Black "Talyansky, Seth D"]
[Result "1/2-1/2"]
[WhiteElo "2304"]
[BlackElo "2202"]
[PlyCount "408"]
[EventDate "2017.08.20"]
[EventType "swiss"]
[EventRounds "9"]
[EventCountry "CRO"]
[SourceTitle "Ajedrez en Madrid"]
[Source "lmi"]
[SourceDate "2017.08.20"]
[SourceVersion "1"]
[SourceVersionDate "2018.03.10"]
[SourceQuality "1"]

1. d4 d5 2. c4 e6 3. Nc3 Nf6 4. cxd5 exd5 5. Bg5 Be7 6. e3 c6 7. Bd3 Ne4 8.
Bxe7 Qxe7 9. Qc2 Nxc3 10. bxc3 h6 11. Nf3 O-O 12. O-O c5 13. dxc5 Qxc5 14. Rab1
a6 15. Qb2 Nc6 16. Rfc1 b5 17. Nd4 Ne5 18. Bc2 Bd7 19. Qb4 Rfc8 20. Nb3 Qc7 21.
Qf4 Qd6 22. Nd4 Nc4 23. Qxd6 Nxd6 24. Bb3 Rc5 25. f3 Rac8 26. Ne2 Nf5 27. Kf2
Re8 28. Nf4 Nxe3 29. Nd3 Rc6 30. Nb4 Rg6 31. g3 Bf5 32. Ra1 a5 33. Nxd5 Nxd5
34. Bxd5 Rd6 35. Rd1 Red8 36. Bb3 Rd2+ 37. Ke1 R2d3 38. Rxd3 Rxd3 39. Bc2 Rxf3
40. Bxf5 Rxf5 41. Rd1 Kf8 42. Rd7 h5 43. Ke2 g6 44. Ra7 a4 45. c4 Rc5 46. cxb5
Rc2+ 47. Kf3 Rxa2 48. b6 Rb2 49. Rxa4 Rxb6 50. h4 Kg7 51. Ra5 Rb4 52. Ra6 Kf8
53. Ra7 Ke8 54. Rc7 Ra4 55. Rb7 Ra3+ 56. Kf4 Kf8 57. Rc7 Rb3 58. Ra7 Rc3 59.
Rb7 Ra3 60. Rc7 Rd3 61. Ra7 Rb3 62. Rc7 Rb4+ 63. Kf3 Kg7 64. Ra7 Kf6 65. Ra6+
Ke5 66. Ra5+ Ke6 67. Ra6+ Kf5 68. Ra5+ Kf6 69. Ra6+ Kg7 70. Ra7 Rb5 71. Ra6
Rf5+ 72. Kg2 Rf6 73. Ra7 Re6 74. Kf3 Kf6 75. Rb7 Re7 76. Rb6+ Kf5 77. Rb5+ Re5
78. Rb7 f6 79. Rg7 Ra5 80. Rg8 Ra3+ 81. Kg2 Ra4 82. Kf3 Rb4 83. Rg7 Rd4 84. Rg8
Rc4 85. Rg7 Rc8 86. Kg2 Re8 87. Kf3 Rh8 88. Kg2 Rb8 89. Kf3 Re8 90. Kg2 Re1 91.
Kf3 Rh1 92. Rg8 Ra1 93. Rb8 Ra3+ 94. Kg2 Ra4 95. Kf3 Ra5 96. Rc8 Rb5 97. Ra8
Rc5 98. Rb8 Rd5 99. Ra8 Rd3+ 100. Kg2 Re3 101. Ra5+ Re5 102. Ra6 Re4 103. Kf3
Rb4 104. Ra5+ Ke6 105. Ra6+ Kf5 106. Ra5+ Ke6 107. Ra6+ Kf7 108. Ra7+ Kf8 109.
Rc7 Ra4 110. Rb7 Rc4 111. Ra7 Rd4 112. Rb7 Rd3+ 113. Kf4 Rd4+ 114. Kf3 Rd3+
115. Kf4 Ra3 116. Rc7 Ra4+ 117. Kf3 Ra3+ 118. Kf4 Rb3 119. Ra7 Rb4+ 120. Kf3
Rg4 121. Rb7 f5 122. Ra7 Kg8 123. Rb7 Kh8 124. Rf7 Kg8 125. Rb7 Re4 126. Ra7
Kf8 127. Rb7 Ra4 128. Rc7 Rb4 129. Ra7 Rc4 130. Rb7 Rd4 131. Rc7 Re4 132. Ra7
Rg4 133. Rb7 f4 134. gxf4 Rxh4 135. Kg3 Rg4+ 136. Kf3 Rh4 137. Kg3 Rg4+ 138.
Kf3 Rg1 139. Kf2 Rh1 140. Rh7 Kg8 141. Re7 Ra1 142. Kg3 Rg1+ 143. Kf2 Rb1 144.
Kg3 Rb5 145. Ra7 Rc5 146. Rb7 Ra5 147. Rc7 Rd5 148. Rb7 Rf5 149. Ra7 Rf8 150.
Rb7 Rf6 151. Ra7 Rf7 152. Ra6 Kg7 153. Rb6 Rf6 154. Rb7+ Rf7 155. Rb6 Kh6 156.
Ra6 Rf5 157. Rb6 Ra5 158. Rc6 Ra3+ 159. Kg2 Ra5 160. Kg3 Rd5 161. Ra6 Rb5 162.
Rc6 Kg7 163. Ra6 Kf7 164. Rc6 Rb3+ 165. Kg2 Kg7 166. Ra6 Rd3 167. Rb6 Rc3 168.
Ra6 h4 169. Rb6 Rg3+ 170. Kf2 Rg4 171. Kf3 Rg3+ 172. Kf2 Ra3 173. Kg2 Rc3 174.
Ra6 Rd3 175. Rb6 Re3 176. Ra6 Rb3 177. Rc6 h3+ 178. Kh2 Rf3 179. Ra6 Kh7 180.
Rb6 Kg7 181. Ra6 Kf7 182. Rb6 Ra3 183. Rc6 Rb3 184. Ra6 Rc3 185. Rb6 Rd3 186.
Rc6 Re3 187. Rb6 Kg7 188. Ra6 Kh7 189. Rb6 Kg7 190. Ra6 Kf7 191. Rb6 Rf3 192.
Ra6 Rxf4 193. Kxh3 Rf6 194. Rxf6+ Kxf6 195. Kg4 g5 196. Kg3 Kf5 197. Kf3 g4+
198. Kg3 Kg5 199. Kg2 Kh4 200. Kh2 g3+ 201. Kg2 Kg4 202. Kg1 Kh3 203. Kh1 g2+
204. Kg1 Kg3 1/2-1/2

[Event "Split Open 2017"]
[Site "Split CRO"]
[Date "2017.08.24"]
[Round "6.6"]
[White "Makovec, Bruno"]
[Black "Belli, Giorgio"]
[Result "1/2-1/2"]
[WhiteElo "2193"]
[BlackElo "2273"]
[PlyCount "53"]
[EventDate "2017.08.20"]
[EventType "swiss"]
[EventRounds "9"]
[EventCountry "CRO"]
[SourceTitle "Ajedrez en Madrid"]
[Source "lmi"]
[SourceDate "2017.08.20"]
[SourceVersion "1"]
[SourceVersionDate "2018.03.10"]
[SourceQuality "1"]

1. Nf3 Nf6 2. c4 e6 3. Nc3 Bb4 4. Qb3 Qe7 5. a3 Bxc3 6. Qxc3 O-O 7. g3 b6 8.
Bg2 Bb7 9. O-O d6 10. d4 Nbd7 11. b3 Ne4 12. Qc2 f5 13. Bb2 Ndf6 14. Ne1 d5 15.
cxd5 exd5 16. Nd3 Rac8 17. b4 Nd7 18. a4 Rfe8 19. Rfd1 c6 20. Qb3 Nd6 21. b5
Nc4 22. bxc6 Bxc6 23. Nb4 Nf6 24. e3 Ne4 25. Nxc6 Rxc6 26. Bc3 a5 27. Be1
1/2-1/2

[Event "Split Open 2017"]
[Site "Split CRO"]
[Date "2017.08.24"]
[Round "6.9"]
[White "Plenkovic, Zdenko"]
[Black "Bozinovic, Bogdan"]
[Result "1-0"]
[WhiteElo "2417"]
[BlackElo "2210"]
[PlyCount "67"]
[EventDate "2017.08.20"]
[EventType "swiss"]
[EventRounds "9"]
[EventCountry "CRO"]
[SourceTitle "Ajedrez en Madrid"]
[Source "lmi"]
[SourceDate "2017.08.20"]
[SourceVersion "1"]
[SourceVersionDate "2018.03.10"]
[SourceQuality "1"]

1. g3 e5 2. d4 exd4 3. Qxd4 d5 4. Bg2 Nf6 5. Nh3 Be7 6. Nf4 c6 7. O-O O-O 8. c4
Na6 9. Na3 Nc7 10. Rd1 Ne6 11. Qc3 Qb6 12. Qc2 Ng4 13. Nh3 Bc5 14. e3 Nf6 15.
cxd5 cxd5 16. b4 Bxb4 17. Rb1 Qa5 18. Qb3 Be7 19. Bb2 a6 20. Bxf6 Bxf6 21. Rxd5
b5 22. Nc4 Qc7 23. Nd6 Bd7 24. Nxf7 Kxf7 25. Nf4 Bc8 26. Rd2 Rb8 27. Rc2 Qd6
28. Rc6 Rb6 29. Rxd6 Rxd6 30. Rc1 Ke7 31. Nd5+ Kd7 32. Bh3 Rd8 33. Nxf6+ Ke7
34. Rxc8 1-0

[Event "Split Open 2017"]
[Site "Split CRO"]
[Date "2017.08.24"]
[Round "6.10"]
[White "Burdalev, Kirill"]
[Black "Zuttioni, Federico"]
[Result "1-0"]
[WhiteElo "2368"]
[BlackElo "2192"]
[PlyCount "81"]
[EventDate "2017.08.20"]
[EventType "swiss"]
[EventRounds "9"]
[EventCountry "CRO"]
[SourceTitle "Ajedrez en Madrid"]
[Source "lmi"]
[SourceDate "2017.08.20"]
[SourceVersion "1"]
[SourceVersionDate "2018.03.10"]
[SourceQuality "1"]

1. d4 Nf6 2. c4 e6 3. g3 d5 4. Nf3 Be7 5. Bg2 O-O 6. O-O Nbd7 7. Qc2 c6 8. Nbd2
b6 9. e4 Bb7 10. e5 Ne8 11. cxd5 cxd5 12. Re1 Rc8 13. Qd3 Nb8 14. h4 Ba6 15.
Qe3 Nc6 16. a3 Na5 17. Nf1 Rc6 18. b4 Nc4 19. Qb3 b5 20. Bg5 f6 21. exf6 Nxf6
22. Ne5 Nxe5 23. Rxe5 Rc4 24. Ne3 Rxd4 25. Rxe6 Bc8 26. Nf5 Bxe6 27. Nxd4 Bd7
28. Bxd5+ Kh8 29. Ne6 Bxe6 30. Bxe6 Bd6 31. Rd1 Qe7 32. Bh3 Bc7 33. Qe3 Qxe3
34. Bxe3 a5 35. Bc5 Rb8 36. Bg2 Kg8 37. Ba7 Rf8 38. Rc1 Bd6 39. bxa5 Bxa3 40.
Ra1 b4 41. Be3 1-0

[Event "Split Open 2017"]
[Site "Split CRO"]
[Date "2017.08.24"]
[Round "6.15"]
[White "Yuksel, Atilla Koksal"]
[Black "Bender, Ivan"]
[Result "1-0"]
[WhiteElo "2097"]
[BlackElo "2264"]
[PlyCount "61"]
[EventDate "2017.08.20"]
[EventType "swiss"]
[EventRounds "9"]
[EventCountry "CRO"]
[SourceTitle "Ajedrez en Madrid"]
[Source "lmi"]
[SourceDate "2017.08.20"]
[SourceVersion "1"]
[SourceVersionDate "2018.03.10"]
[SourceQuality "1"]

1. e4 c5 2. Nc3 a6 3. a4 Nc6 4. f4 d6 5. Nf3 Bg4 6. Be2 e6 7. O-O Nge7 8. h3
Bxf3 9. Bxf3 Nd4 10. Ne2 Nxf3+ 11. Rxf3 d5 12. exd5 Qxd5 13. b3 h5 14. Bb2 h4
15. c4 Qd7 16. d4 Rd8 17. Rd3 Nf5 18. d5 Be7 19. Qd2 O-O 20. Re1 exd5 21. Rxd5
Qc6 22. Nc3 Bf6 23. Rxd8 Rxd8 24. Nd5 Bxb2 25. Ne7+ Nxe7 26. Qxd8+ Kh7 27. Qxe7
Bd4+ 28. Kh1 Qh6 29. Qxf7 Bf6 30. Qxb7 Qh5 31. Qd5 1-0

[Event "Split Open 2017"]
[Site "Split CRO"]
[Date "2017.08.24"]
[Round "6.16"]
[White "Hercog, Nusa"]
[Black "Veres, Andrej"]
[Result "1/2-1/2"]
[WhiteElo "2052"]
[BlackElo "2255"]
[PlyCount "42"]
[EventDate "2017.08.20"]
[EventType "swiss"]
[EventRounds "9"]
[EventCountry "CRO"]
[SourceTitle "Ajedrez en Madrid"]
[Source "lmi"]
[SourceDate "2017.08.20"]
[SourceVersion "1"]
[SourceVersionDate "2018.03.10"]
[SourceQuality "1"]

1. d4 Nf6 2. c4 e6 3. Nf3 b6 4. a3 Bb7 5. Nc3 d5 6. cxd5 exd5 7. Bg5 Be7 8.
Qa4+ c6 9. e3 O-O 10. Bd3 Nbd7 11. O-O c5 12. Ne5 Nxe5 13. dxe5 Ne4 14. Bxe4
dxe4 15. Rfd1 Qe8 16. Rd7 Bxg5 17. Rxb7 Qxa4 18. Nxa4 Rfb8 19. Rc7 Rc8 20. Rb7
Rcb8 21. Rc7 Rc8 1/2-1/2

[Event "Split Open 2017"]
[Site "Split CRO"]
[Date "2017.08.24"]
[Round "6.18"]
[White "Piskur, Mitja"]
[Black "Glavan, Marko"]
[Result "1-0"]
[WhiteElo "2308"]
[BlackElo "2069"]
[PlyCount "51"]
[EventDate "2017.08.20"]
[EventType "swiss"]
[EventRounds "9"]
[EventCountry "CRO"]
[SourceTitle "Ajedrez en Madrid"]
[Source "lmi"]
[SourceDate "2017.08.20"]
[SourceVersion "1"]
[SourceVersionDate "2018.03.10"]
[SourceQuality "1"]

1. e4 c5 2. Nf3 d6 3. d3 Nf6 4. g3 Nc6 5. Bg2 g6 6. O-O Bg7 7. c3 O-O 8. Nbd2
e5 9. a4 Rb8 10. Nc4 h6 11. Nfd2 Be6 12. Ne3 d5 13. exd5 Nxd5 14. Ne4 b6 15.
Nxd5 Bxd5 16. f4 f5 17. c4 Bxe4 18. dxe4 Qxd1 19. Rxd1 Nd4 20. exf5 gxf5 21.
fxe5 Ne2+ 22. Kh1 Nxc1 23. Raxc1 Bxe5 24. Rd7 a5 25. Re1 Rbe8 26. Bd5+ 1-0

[Event "Split Open 2017"]
[Site "Split CRO"]
[Date "2017.08.24"]
[Round "6.19"]
[White "Marziali, Giulio"]
[Black "Ostovic, Matija"]
[Result "0-1"]
[WhiteElo "2024"]
[BlackElo "2360"]
[PlyCount "40"]
[EventDate "2017.08.20"]
[EventType "swiss"]
[EventRounds "9"]
[EventCountry "CRO"]
[SourceTitle "Ajedrez en Madrid"]
[Source "lmi"]
[SourceDate "2017.08.20"]
[SourceVersion "1"]
[SourceVersionDate "2018.03.10"]
[SourceQuality "1"]

1. e4 d6 2. d4 Nf6 3. Nc3 Nbd7 4. Nf3 e5 5. g4 h6 6. g5 hxg5 7. Nxg5 c6 8. Bc4
d5 9. exd5 cxd5 10. Bxd5 Nxd5 11. Nxd5 Nf6 12. Nxf6+ gxf6 13. Ne4 Be7 14. dxe5
Qxd1+ 15. Kxd1 Bg4+ 16. Kd2 fxe5 17. Nc3 O-O-O+ 18. Ke1 Rh3 19. Be3 Rxe3+ 20.
fxe3 Bh4+ 0-1

[Event "Split Open 2017"]
[Site "Split CRO"]
[Date "2017.08.24"]
[Round "6.25"]
[White "Cotic, Borna"]
[Black "Kejzar, Petra"]
[Result "1/2-1/2"]
[WhiteElo "2087"]
[BlackElo "1977"]
[PlyCount "73"]
[EventDate "2017.08.20"]
[EventType "swiss"]
[EventRounds "9"]
[EventCountry "CRO"]
[SourceTitle "Ajedrez en Madrid"]
[Source "lmi"]
[SourceDate "2017.08.20"]
[SourceVersion "1"]
[SourceVersionDate "2018.03.10"]
[SourceQuality "1"]

1. e4 c5 2. Nf3 e6 3. c4 Nc6 4. Be2 e5 5. d3 d6 6. Nc3 Be7 7. O-O f5 8. Nd5 Nf6
9. a3 O-O 10. Nxf6+ Bxf6 11. b4 f4 12. b5 Ne7 13. Ne1 Kh8 14. Bg4 Qe8 15. h3
Qg6 16. Bxc8 Raxc8 17. Qg4 Qf7 18. Qd7 Ng6 19. Qxf7 Rxf7 20. Nf3 Rg8 21. g4 Nh4
22. Nxh4 Bxh4 23. f3 Rf6 24. Kg2 Rh6 25. Bd2 g5 26. a4 Kg7 27. a5 Rh8 28. a6 b6
29. Rh1 Bg3 30. Be1 Bxe1 31. Raxe1 Rh4 32. Rc1 Kg6 33. Rh2 h5 34. Rhh1 hxg4 35.
hxg4 Rxh1 36. Rxh1 Rxh1 37. Kxh1 1/2-1/2

[Event "Split Open 2017"]
[Site "Split CRO"]
[Date "2017.08.24"]
[Round "6.28"]
[White "Fiedorek, Michal"]
[Black "Kolaric, Spela"]
[Result "1/2-1/2"]
[WhiteElo "1969"]
[BlackElo "2057"]
[PlyCount "82"]
[EventDate "2017.08.20"]
[EventType "swiss"]
[EventRounds "9"]
[EventCountry "CRO"]
[SourceTitle "Ajedrez en Madrid"]
[Source "lmi"]
[SourceDate "2017.08.20"]
[SourceVersion "1"]
[SourceVersionDate "2018.03.10"]
[SourceQuality "1"]

1. e4 e5 2. Nf3 Nc6 3. Bc4 Nf6 4. d3 Bc5 5. c3 d6 6. O-O O-O 7. Bg5 h6 8. Bh4
g5 9. Bg3 Bb6 10. Nbd2 Ne7 11. a4 a5 12. Bb3 c6 13. Qc2 Ng6 14. d4 Qe7 15. Nc4
Bc7 16. dxe5 dxe5 17. Ne3 Nh5 18. Nf5 Bxf5 19. exf5 Ngf4 20. Rfe1 Qf6 21. Qe4
Rae8 22. Rad1 Re7 23. Bxf4 Nxf4 24. g3 Nh5 25. h4 gxh4 26. Nxh4 Kh8 27. Qg4 Qg5
28. Qxg5 hxg5 29. Nf3 Rg8 30. Nd2 Nf6 31. Ne4 Nxe4 32. Rxe4 Kg7 33. Kg2 Kf6 34.
g4 Rh8 35. Rd3 Rh4 36. Rd1 Rh8 37. f3 Rd8 38. Rxd8 Bxd8 39. Re1 Rd7 40. Rd1
Rxd1 41. Bxd1 Bb6 1/2-1/2

[Event "Split Open 2017"]
[Site "Split CRO"]
[Date "2017.08.24"]
[Round "6.30"]
[White "Tadinac, Sasa"]
[Black "Schuhmacher, Jakob"]
[Result "0-1"]
[WhiteElo "1766"]
[BlackElo "2028"]
[PlyCount "92"]
[EventDate "2017.08.20"]
[EventType "swiss"]
[EventRounds "9"]
[EventCountry "CRO"]
[SourceTitle "Ajedrez en Madrid"]
[Source "lmi"]
[SourceDate "2017.08.20"]
[SourceVersion "1"]
[SourceVersionDate "2018.03.10"]
[SourceQuality "1"]

1. e4 c6 2. d4 d5 3. e5 Bf5 4. Nf3 e6 5. g3 Be7 6. Nbd2 Nd7 7. c4 dxc4 8. Nxc4
Nb6 9. Ne3 Be4 10. Bg2 Bb4+ 11. Ke2 Nd5 12. a3 Qa5 13. Nxd5 Qa6+ 14. Ke3 cxd5
15. Nh4 Bxg2 16. Nxg2 Ne7 17. Kf3 Nc6 18. Be3 Be7 19. Nf4 O-O 20. Kg2 Qb6 21.
Qd3 Na5 22. h4 Rac8 23. b4 Nc4 24. Rab1 Nxe3+ 25. fxe3 Rc4 26. Rhc1 Rfc8 27.
Ne2 Qc7 28. Qd2 b5 29. Rxc4 bxc4 30. Nc3 Rb8 31. Qc2 f6 32. exf6 Bxf6 33. a4
Qd6 34. Nb5 Qd7 35. Nc3 e5 36. Qd2 Rd8 37. Rd1 Qg4 38. Qe2 Qg6 39. Kh3 h5 40.
Qf3 e4 41. Qe2 Be7 42. Na2 Bd6 43. g4 Rf8 44. Kg2 Rf3 45. g5 Qf5 46. Kg1 Rg3+
0-1

[Event "Split Open 2017"]
[Site "Split CRO"]
[Date "2017.08.24"]
[Round "6.44"]
[White "Grubisic, Josip"]
[Black "Porobija, Antonio"]
[Result "0-1"]
[WhiteElo "1621"]
[BlackElo "1947"]
[PlyCount "76"]
[EventDate "2017.08.20"]
[EventType "swiss"]
[EventRounds "9"]
[EventCountry "CRO"]
[SourceTitle "Ajedrez en Madrid"]
[Source "lmi"]
[SourceDate "2017.08.20"]
[SourceVersion "1"]
[SourceVersionDate "2018.03.10"]
[SourceQuality "1"]

1. e4 c5 2. Nf3 Nc6 3. d4 cxd4 4. Nxd4 Nf6 5. Nc3 e5 6. Ndb5 d6 7. Bg5 a6 8.
Bxf6 gxf6 9. Na3 f5 10. exf5 Bxf5 11. Bc4 b5 12. Bd5 Rc8 13. Ne4 Be7 14. c3 O-O
15. Qf3 Qd7 16. g4 Be6 17. O-O-O Nd4 18. Nf6+ Bxf6 19. Qxf6 Qd8 20. Qxd8 Rfxd8
21. Bxe6 fxe6 22. Nc2 Nf3 23. h4 d5 24. Rd3 Rf8 25. Kd1 Rf4 26. Re3 e4 27. Nd4
Nxd4 28. cxd4 Rxf2 29. Re2 Rxe2 30. Kxe2 Rc2+ 31. Ke3 Rxb2 32. Kf4 e3 33. Ke5
Kf7 34. h5 Rg2 35. Rf1+ Ke7 36. Rf6 Rxg4 37. Rxe6+ Kd7 38. Kf5 Re4 0-1